Every EFL League Two Goalscorer (2023/24) - Statistics

General Stats
  • This quiz has been taken 17 times
  • The average score is 66 of 390
Answer Stats
Player % Correct
Ali Al-Hamadi
67%
Andy Cook
67%
James McClean
67%
Jodi Jones
67%
Joe Ironside
67%
Louis John
67%
Matt Smith
67%
Max Dean
67%
Paddy Madden
67%
Paul Mullin
67%
Abo Eisa
56%
Alistair Smith
56%
Callum Jones
56%
Cammy Smith
56%
Harry Smith
56%
James Jones
56%
Jay Williams
56%
Lewis Brunt
56%
Liam Smith
56%
Macaulay Langstaff
56%
Matty Stevens
56%
Matty Taylor
56%
MJ Williams
56%
Mohamed Eisa
56%
Shaun Williams
56%
Tyler Smith
56%
Zac Williams
56%
Alassana Jatta
44%
Charlie Austin
44%
Chris Long
44%
Connor Lemonheigh-Evans
44%
Danilo Orsi
44%
Danny Johnson
44%
Davis Keillor-Dunn
44%
Douglas James-Taylor
44%
Emile Acquah
44%
Harry Anderson
44%
Harry Wood
44%
Hiram Boateng
44%
Isaac Olaofe
44%
Jack Muldoon
44%
Jake Taylor
44%
Joe Taylor
44%
John Akinde
44%
Jordan Davies
44%
Jordan Moore-Taylor
44%
Louie Barry
44%
Lucas Akins
44%
Luke Norris
44%
Michael Mellon
44%
Mickey Demetriou
44%
Modou Faal
44%
Omar Bugiel
44%
Sam Austin
44%
Samuel Taylor
44%
Sean McConville
44%
Steven Fletcher
44%
Tom Anderson
44%
Tom Davies
44%
Will Evans
44%
Will Swan
44%
Aden Flint
33%
Aiden O'Brien
33%
Alex Gilbey
33%
Alex Henderson
33%
Anthony O'Connor
33%
Antoni Sarcevic
33%
Armani Little
33%
Ben Close
33%
Ben Whitfield
33%
Ben Woods
33%
Brad Hills
33%
Bryn Morris
33%
Callum Johnson
33%
Calum Kavanagh
33%
Charlie Brown
33%
Connor McLennan
33%
Courtney Baker-Richardson
33%
David McGoldrick
33%
Dom Telford
33%
Elliott Nevitt
33%
Frazer Blake-Tracy
33%
Jack Nolan
33%
Jack Roles
33%
Jacob Bedeau
33%
James Tilley
33%
Jim O'Brien
33%
Jordan Bowery
33%
Josh Davison
33%
Josh Woods
33%
Kieron Morris
33%
Klaidi Lolos
33%
Korede Adedoyin
33%
Lewis Shipley
33%
Luke Molyneux
33%
Matúš Holíček
33%
Niall Canavan
33%
Paul Glatzel
33%
Reece Brown
33%
Rob Apter
33%
Ryan Johnson
33%
Shilow Tracey
33%
Theo Vassell
33%
Tommy Leigh
33%
Tyrell Warren
33%
Zain Westbrooke
33%
Aaron Hayden
22%
Aaron Lewis
22%
Adam Lewis
22%
Adam Wilson
22%
Anthony Forde
22%
Ben Tozer
22%
Brad Halliday
22%
Callum Camps
22%
Callum Hendry
22%
Cole Stockton
22%
Connor Jennings
22%
Conor McAleny
22%
Craig Eastmond
22%
Dan Crowley
22%
Dan Kemp
22%
David Tutonda
22%
Donovan Wilson
22%
Eli King
22%
Ethan Walker
22%
Fraser Horsfall
22%
George Maris
22%
Gerard Garner
22%
Hakeeb Adelakun
22%
Harrison Biggins
22%
Harvey Saunders
22%
Ibou Touray
22%
Jacob Mendy
22%
Jake Young
22%
James Connolly
22%
Jamie Walker
22%
Jeremy Kelly
22%
JJ McKiernan
22%
Joe Lewis
22%
Joel Senior
22%
Joe White
22%
Jonathan Leko
22%
Josh Andrews
22%
Josh Hawkes
22%
Josh Kelly
22%
Josh Walker
22%
Kieran Green
22%
Kyle Wootton
22%
Liam Kelly
22%
Luke Garbutt
22%
Luke Young
22%
Matthew Craig
22%
Maxime Biamou
22%
Ollie Palmer
22%
Regan Hendry
22%
Rio Adebisi
22%
Ronan Curtis
22%
Rosaire Longelo
22%
Ryan Watson
22%
Sam Dalby
22%
Seb Palmer-Houlden
22%
Shaun Whalley
22%
Stephen McLaughlin
22%
Stephen Quinn
22%
Stephen Wearne
22%
Tommy Rowe
22%
Aaron Nemane
11%
Aaron Rowe
11%
Adam Campbell
11%
Aden Baldwin
11%
Andy Cannon
11%
Arthur Gnahoua
11%
Baily Cargill
11%
Bradley Ihionvien
11%
Cameron McGeehan
11%
Chay Cooper
11%
Clarke Oduor
11%
Daniel Harvie
11%
Danny Rose
11%
Dean Campbell
11%
Deji Sotona
11%
Elliot Lee
11%
Emmanuel Osadebe
11%
Harry Beautyman
11%
Harry Clifton
11%
Jack Marriott
11%
Jake Bickerstaff
11%
James Daly
11%
James Maxwell
11%
Jamille Matt
11%
Jayden Fevrier
11%
Joe Adams
11%
Joel Tabiner
11%
John Bostock
11%
John-Kymani Gordon
11%
Jordan Turnbull
11%
Josh Gordon
11%
Kellan Gordon
11%
Kelly N'Mai
11%
Kristian Dennis
11%
Kyle Hurst
11%
Kyle Jameson
11%
Kyle McAllister
11%
Laurence Maguire
11%
Liam Gordon
11%
Louis Reed
11%
Luke Armstrong
11%
Macauley Bonne
11%
Matthew Dennis
11%
Matty Daly
11%
Max Clark
11%
Max Cleworth
11%
Nelson Khumbeni
11%
Nick Tsaroulla
11%
Ollie Clarke
11%
Priestley Farquharson
11%
Rhys Oates
11%
Rushian Hepburn-Murphy
11%
Ryan Barnett
11%
Ryan Stirk
11%
Samson Tovide
11%
Scott Malone
11%
Stephen Duke-McKenna
11%
Taylor Allen
11%
Tom Nichols
11%
Troy Deeney
11%
Will Boyle
11%
Will Collar
11%
Aaron Drinan
0%
Aaron Wildig
0%
Abraham Odoh
0%
Adam Fairclough
0%
Adam Mayor
0%
Ade Adeyemo
0%
Akil Wright
0%
Alex Gilliead
0%
Alex Pattison
0%
Aramide Oteh
0%
Arthur Read
0%
Ashley Nadesan
0%
Ben Gladwin
0%
Ben Goodliffe
0%
Bobby Pointon
0%
Brandon Comley
0%
Callum Morton
0%
Charlie Jolley
0%
Charlie Lakin
0%
Charlie McCann
0%
Chris Hussey
0%
Chris Stokes
0%
Christian Doidge
0%
Connell Rawlinson
0%
Connor Mahoney
0%
Connor O'Riordan
0%
Conor Masterson
0%
Conor Thomas
0%
Craig Clay
0%
Curtis Thompson
0%
Curtis Tilt
0%
David Okagbue
0%
Dawson Devoy
0%
Dean Cornelius
0%
Denver Hume
0%
Deon Moore
0%
Dion Conroy
0%
Dominic Thompson
0%
Dom Jefferies
0%
Donervon Daniels
0%
Doug Tharme
0%
Ed Turns
0%
Elliott Hewitt
0%
Elliot Watt
0%
Ellis Harrison
0%
Ellis Iandolo
0%
Emmanuel Adegboyega
0%
Emre Tezgel
0%
Ethan Ingram
0%
Ethan Pye
0%
Farrend Rawson
0%
Fiacre Kelleher
0%
Freddie Draper
0%
Gavan Holohan
0%
George Lapslie
0%
George McEachran
0%
George Ray
0%
George Thomson
0%
Gwion Edwards
0%
Harry Charsley
0%
Harry Forster
0%
Harry McKirdy
0%
Harry Pell
0%
Harry Ransom
0%
Harvey Bunker
0%
Harvey Rodgers
0%
Isaac Hutchinson
0%
Jack Currie
0%
Jack Earing
0%
Jack Payne
0%
Jack Powell
0%
Jacob Davenport
0%
Jake Cain
0%
Jake Reeves
0%
James Ball
0%
James Chester
0%
James Gale
0%
Jamie Proctor
0%
Jamie Robson
0%
Jay Mingi
0%
Joe Kizzi
0%
Joel Cotterill
0%
Joe Pritchard
0%
Joe Tomlinson
0%
Jordan Slew
0%
Jordon Garrick
0%
Josh Austerfield
0%
Josh Coley
0%
Josh March
0%
Josh Neufville
0%
Junior Luamba
0%
Junior Morias
0%
Justin Obikwu
0%
Kevin Berkoe
0%
Kian Spence
0%
Kofi Balmer
0%
Kyle Cameron
0%
Kyran Lofthouse
0%
Lee Angol
0%
Levi Sutton
0%
Lewis Billington
0%
Lewis Cass
0%
Lewis Macari
0%
Lewis Payne
0%
Liam Humbles
0%
Liam Ridehalgh
0%
Luke Offord
0%
Matthew Platt
0%
Matt Jay
0%
Matty Foulds
0%
Matty Lund
0%
Neill Byrne
0%
Niall Maher
0%
Nick Powell
0%
Nino Adom-Malaki
0%
Noah Chilvers
0%
Odin Bailey
0%
Offrande Zanzala
0%
Oisin McEntee
0%
Oliver Hawkins
0%
Olly Sanderson
0%
Omar Bogle
0%
Omari Patrick
0%
Omar Sowunmi
0%
Owen Bailey
0%
Rayhaan Tulloch
0%
Rekeil Pyke
0%
Remeao Hutton
0%
Richie Smallwood
0%
Rico Richards
0%
Robbie Gotts
0%
Robbie McKenzie
0%
Rollin Menayese
0%
Ronan Darcy
0%
Rory Feely
0%
Ross Tierney
0%
Ryan Croasdale
0%
Ryan Delaney
0%
Ryan Jackson
0%
Ryan Rydel
0%
Saidou Khan
0%
Sam Folarin
0%
Sam Foley
0%
Sean McGurk
0%
Shadrach Ogie
0%
Shane McLoughlin
0%
Timothée Dieng
0%
Toby Mullarkey
0%
Tom Brewitt
0%
Tom Dallison
0%
Tom Hopper
0%
Tom Nixon
0%
Tope Fadahunsi
0%
Tyreik Wright
0%
Tyrese Omotoye
0%
Tyrese Shade
0%
Udoka Godwin-Malife
0%
Warren Burrell
0%
Warren O'Hora
0%
Williams Kokolo
0%
Will Wright
0%
Zach Mitchell
0%
No matching quizzes found
Score Distribution
Percent of People with Each Score
Percentile by Number Answered
Your Score History
You have not taken this quiz